000 01292nam a2200313 i 4500
003 EG-GICUC
005 20260212101524.0
008 260212s1987 ua ||||fr|||| 00| 0 ara d
040 _a EG-GICUC
_bara
_c EG-GICUC
_d EG-GICUC
_erda
041 0 _aara
082 0 4 _a343.396
_bم ح . ن
_221
092 0 4 _221
099 _aLaw1 10 343.396 م ح . ن 1987 1005835
100 0 _aمحمود عبد العزيز خليفة
_eمؤلف.
245 1 2 _aالنظرية العامة للقرائن في الاثبات الجنائي في التشريع المصري المقارن /
_cالدكتور محمود عبد العزيز خليفة.
264 3 _aالقاهرة :
_bمحمود عبد العزيز خليفة،
_c1987.
300 _a1122 صفحة ؛
_c24 سم.
_bإيضاحيات، صور، مثيليات ؛
336 _2rda content
_atext
337 _2rda media
_aComputer
338 _2rda carrier
_aOnline Resource
504 _aيشتمل على ارجاعات ببليوجرافية.
546 _aالنص باللغة العربية
650 1 4 _a قانون الإجراءات الجنائية.
_2qrmak
650 1 4 _aالقرائن.
_2qrmak
651 1 _2qrmak
856 4 0 _uhttps://fll.law.cu.edu.eg/fulltext/bks/B10-05835.pdf
905 _a18
942 _2ddc
_cBK
_e21
_n0
999 _c62744
_d62744